000 01549cam a22003371ia4500
003 SA-RiAUC
005 20250224072159.0
008 250224s1997 le g b 001 0 ara c
040 _aKW-ShULA
_bara
_cSA-RiAUC
_erda
050 4 _b.T34 1997
082 0 4 _a237.3
_qSA-RiAUC
090 _a237.3
_b ت هـ ا
100 1 _aالتهانوي، ظفر أحمد بن لطيف العثماني،
_d1310-1394 هجري
_eمؤلف.
245 1 0 _aإعلاء السنن /
_cتأليف ظفر أحمد العثماني التهانوي ؛ على ضوء ما أفاده أشرف علي التهانوي ؛ تحقيق حازم القاضي.
250 _aالطبعة الأولى.
264 1 _aبيروت :
_bدار الكتب العلمية،
_c1997
300 _a22 مجلد ؛
_c24 سم
336 _aنص
_btxt
_2rdacontent
_3كتاب
337 _aبدون وسيط
_bn
_2rdamedia
338 _aمجلد
_bnc
_2rdacarrier
500 _aيشتمل على كشافات.
504 _aيشتمل على إرجاعات ببليوجرافية.
590 _aخلفان.
650 7 _aالحديث
_xأحكام
_2aucsh
650 7 _aالحديث
_xإسناد
_2aucsh
700 1 2 _iتحقيق لـ (عمل) :
_aالتهانوي، ظفر أحمد بن لطيف العثماني،
_d1310-1394 هجري
_tإعلاء السنن
700 1 _aالتهانوي، أشرف علي،
_d1863-1943‏
_eراوي.
700 1 _aالقاضي، أبو الزهراء حازم
_eمحقق.
942 _2ddc
_cBOOK
_n0
949 _aSA-JeALM
_d250224
_ueid123
_n1
999 _c6189
_d6189